KKV helyzete az EU-ban

Bibliographic Details
Main Author: Kőhegyi Zoltán
Other Authors: Kruppa Dr. Éva
Format: Final Paper
Kulcsszavak:Kis- és középvállalkozások
Európai Unió
Pályázatok
Online Access:http://dolgozattar.uni-bge.hu/18753

MARC

LEADER 00000nta a2200000 i 4500
001 dolg18753
005 20200417101053.0
008 181203suuuu hu o 000 hun d
040 |a BGE Dolgozattár Repozitórium  |b hun 
041 |a hu 
100 1 |a Kőhegyi Zoltán 
245 1 0 |a KKV helyzete az EU-ban  |c Kőhegyi Zoltán  |h [elektronikus dokumentum] 
516 |a Final_paper 
695 |a Kis- és középvállalkozások 
695 |a Európai Unió 
695 |a Pályázatok 
700 1 |a Kruppa Dr. Éva  |e ths 
856 4 0 |u http://dolgozattar.uni-bge.hu/18753/1/kohegyizoltan_zarodolgozat.pdf  |z Dokumentum-elérés